Manažment obchodnej organizácie

Salvato in:
Dettagli Bibliografici
Autore principale: Čihovská, Viera
Ente Autore: Ekonomická univerzita v Bratislave. Obchodná fakulta
Altri autori: Mariaš, Miroslav, Matušovičová, Monika, 1967-
Natura: Libro
Lingua:slovacco
Pubblicazione: Bratislava Vydavateľstvo EKONÓM 2005
Soggetti:
Tags: Aggiungi Tag
Nessun Tag, puoi essere il primo ad aggiungerne!!

MARC

LEADER 00000nam$a2200000$$$4500
001 0027108
005 20240502071427.6
020 |a 80-225-1930-8 
041 0 |a slo 
044 |a SK 
245 1 0 |a Manažment obchodnej organizácie  |c Viera Čihovská a kolektív 
264 1 |a Bratislava  |b Vydavateľstvo EKONÓM  |c 2005 
300 |a 304 s. 
610 2 0 |a organizácie obchodné 
610 2 0 |a manažment 
610 2 0 |a obchod 
610 2 0 |a plánovanie 
610 2 0 |a modely 
610 2 0 |a firmy 
610 2 0 |a plánovanie strategické 
610 2 0 |a normy organizačné 
610 2 0 |a štruktúra organizačná 
610 2 0 |a riadenie ľudských zdrojov 
610 2 0 |a manažéri 
610 2 0 |a kontrola 
610 2 0 |a operácie obchodné 
610 2 0 |a rozhodovanie 
610 2 0 |a systémy informačné 
610 2 0 |a technológie obchodné 
610 2 0 |a maloobchod 
610 2 0 |a veľkoobchod 
100 1 |a Čihovská, Viera 
700 1 |a Mariaš, Miroslav 
700 1 |a Matušovičová, Monika, 1967- 
710 2 |a Ekonomická univerzita v Bratislave. Obchodná fakulta